Temas de análisis instrumental I

Bibliographic Details
Main Author: Catasús Portuondo, Miguel R
Format: Section = Libro
Language:Undetermined
Spanish
Published: LaHabana Unidad de producción 1985
Subjects:
LEADER 00528nam a2200193Ia 4500
008 240830s9999 xx 000 0 und d
040 |a CEDOC FIQ-RUSB / 543.07 C357 
041 |a spa 
082 |a 543.07 C357 
100 1 |a Catasús Portuondo, Miguel R 
245 1 0 |a Temas de análisis instrumental I 
260 |a LaHabana  |b Unidad de producción  |c 1985 
300 |a 70 p. :il 
650 7 |a INSTRUMENTOS-ANALISIS 
650 7 |b  FUENTES LUMINOSAS 
650 7 |c  EQUIPOS ESPECTRALES 
942 |c BK  |2 ddc 
991 |a TEXTO 
999 |c 13527